Elenca la formazione - Quiz n°117 - Statistics

Statistiche generali
  • Questo quiz è stato fatto 64 volte
  • Il punteggio medio è 8 su 11
Statistiche sulle risposte
Ruolo Nazione Calciatore % Corretto
Centrocampista Serbia Sergej Milinković-Savić
97%
Attaccante Italia Ciro Immobile
95%
Portiere Albania Thomas Strakosha
91%
Difensore Paesi Bassi Stefan de Vrij
84%
Attaccante Senegal Keita Baldé
79%
Centrocampista Bosnia ed Erzegovina BandSenad Lulić
78%
Centrocampista Argentina Lucas Biglia
67%
Centrocampista Italia Marco Parolo
66%
Difensore Angola Bastos
62%
Centrocampista Serbia Dušan Basta
52%
Difensore Brasile Wallace
31%
Nessun quiz corrispondente trovato
Distribuzione punteggi
Percentuale di utenti per punteggio
Percentile per numero di risposta
I tuoi punteggi nel tempo
Non hai fatto questo quiz